00569cam a2200169 a 450000500170000000800410001701000140005802000270007203500130009903700130011204000080012510000260013324501130015926000510027227000480032330000280037120091107113722.0000504s2000 nik 000 0 eng d aENG-95375 a9788131306109c2995.00 aEN-78908 bDBAD/PUB aDPL aBlackburn, Terence R. aThe Defeat of Amarapura:c Compiled and edited by Terence R. BlackburnbThe Second Anglo-Burmese War of 1852 aNew DelhibA.P.H. Publishing Corporationc2009 a4435-36/7, Ansari Road ,bNew Delhie110002 axii, 411p. c24 cm.(Hb)